| 000 | 01377nam a2200289 a 4500 | ||
|---|---|---|---|
| 001 | 000035981 | ||
| 005 | 20200930074756.0 | ||
| 008 | 111121s2006 dr ac 001 0 spa d | ||
| 040 |
_aDO-SdBNP _bspa _cBNPHU |
||
| 041 | 1 | 7 |
_aspa _aeng |
| 082 |
_a728.5097293 _bP852s,2006 |
||
| 100 | 1 |
_aPortillo, Julio, _d1944- _916192 |
|
| 245 | 1 | 0 |
_aSofitel Nicolás de Ovando / _cJulio Portillo ; traducción al inglés Josefina Beck de Nagel. |
| 260 |
_aSanto Domingo : _bSofitel, _c2006. _eCaracas _fArte |
||
| 300 |
_a144 p. : _bil., retrs. ; _c28 cm. |
||
| 505 | 0 |
_gLiminar -- _tSanto Domingo -- _tEl Lar de Ovando -- _tEl Hostal español -- _tAlrededores -- _tSofitel Nicolás de Ovando -- _gBibliografía -- _gEl autor -- _gEpílogo. |
|
| 546 | _aTextos a dos columnas en español e inglés. | ||
| 504 | _aBibliografía: p.133-135. | ||
| 590 | _aInventariado, 2019/VM | ||
| 650 | 4 |
_aHoteles _xHistoria _zRepùblica Dominicana _920175 |
|
| 650 | 4 |
_aMonumentos históricos _zSanto Domingo (República Dominicana{Rpara} _97717 |
|
| 650 | 4 |
_aArquitectura colonial _zRepública Dominicana _934508 |
|
| 651 | 4 |
_aSanto Domingo (República Dominicana : Ciudad{Rpara} _xDescripciones _xVistas _957465 |
|
| 651 | 4 |
_aSanto Domingo (República Dominicana : Ciudad{Rpara} _xDescripciones _xFotografías _957466 |
|
| 700 | 1 |
_aBeck de Nagel, Josefina, _etr. _962012 |
|
| 910 | _aValidado. Control de calidad EMS | ||
| 999 |
_c35472 _d35472 |
||